| 000 | 00332nam a2200133Ia 4500 | ||
|---|---|---|---|
| 005 | 20251222143212.0 | ||
| 008 | 251222s9999||||xx |||||||||||||| ||spa|| | ||
| 020 | _a84-398-0617-5 | ||
| 082 | _a264.2/R73 | ||
| 100 | _aRodilla Zanón, Antonio | ||
| 245 | 0 | _aHablar con Dios | |
| 264 | _bReal Colegio de Corpus Christi | ||
| 942 | _cLIB | ||
| 999 |
_c13493 _d13493 |
||